Регионална библиотека "Любен Каравелов" - Русе

Последната тайна на Земята (Запис номер 98394)

MARC детайли
000 -Лидер
Контролно поле с фиксирана дължина 01321nam a2200349 c 4500
003 - Код на организацията, давaща контролен номер
Контролно поле BLK
005 - Дата и час на последна редакция
Контролно поле 20250509155832.0
008 - Елементи от данни с фиксирана дължина
fixed length control field 180409b bul|||||r ||||||| ||bul||
010 ## - Наследен системен номер
LC control number KNG00103336000
020 ## - Международен стандартен номер на книга ISBN
Международен стандартен номер на книга ISBN 954-585-365-4
-- издат.: Бард
040 ## - Източник на каталожния запис
Идентификатор на билиотеката - собственик на записа BLK
041 ## - Код за език
Код за езика на текст/звукозапис или на отделно заглавие Български
Код за езика КДБФ Български
080 ## - УДК
Текстов определител УДК Американска литература (на САЩ)
УДК код - определител по УДК 821.111(73)
УДК определител -312.4
УДК - код + определител 821.111(73)-312.4
100 1# - Редна дума - Автор
Автор Ролинс, Джеймс
Авторска отговорност първи автор
Автор - информация (биография) Чайковски, Джим
R(LIN) 116829
139 ## - Редно поле
Редна дума Ролинс, Джеймс
Авторски знак Роле - Р 82
245 10 - Сведения за заглавието
Заглавие Последната тайна на Земята
Подзаглавни данни Роман
Редно поле (дума) Джеймс Ролинс; прев. Венелин Мечков.
257 ## - Страна на издаване
Страна на създаване/издаване Съединени американски щати
260 ## - Област на издателските данни
-- София
Име на издателя, разпространителя и проч. Бард
Година на издаване 2002
Печатница Хасково : Полиграфюг
300 ## - Физическа характеристика
Страници 416 с.
Размери/Мащаб 20 см
380 ## - Жанр
Жанр Худож. лит.
490 1# - СЕРИИ (Колекции)
Име на серия Кралете на трилъра
№: серия 128
500 ## - Общи забележки
Забележка Ориг. загл. Subterranean / James Rollins. - Офс. изд.
653 ## - Ключова дума – ненормативна
Ключова дума романи
653 ## - Ключова дума – ненормативна
Ключова дума трилъри
700 1# - Други автори (авторска отговорност)
Лично име Мечков, Венелин
Автороска отговорност (Описва отношението между автора и произведението) прев.
9 (RLIN) 365716
852 ## - Местоположение
Форматна сигнатура Цб 212654
856 4# - Електронен адрес и достъп
Електронен формат pdf - файл
Път до файла /url/
856 4# - Електронен адрес и достъп
Електронен формат pdf - файл
Път до файла /url/
942 ## - АРТИКУЛИ
Вид на библиотечния материал Книги
Скрит в OPAC Не
Koha issues (borrowed), all copies 25
944 ## - СЪЗДАВАНЕ И РЕДАКЦИЯ на ЗАПИСА
Създаване/Редакция Създаване
Дата на регистрацията/редакция 01.01.2002
Статус, дата на статуса Русанова Ирена
Служител, извършил регистрацията/редакцията 30542
944 ## - СЪЗДАВАНЕ И РЕДАКЦИЯ на ЗАПИСА
Създаване/Редакция Редакция
Дата на регистрацията/редакция 15.04.2013
Статус, дата на статуса ф /
Служител, извършил регистрацията/редакцията
999 ## - СИСТЕМНИ КОНТРОЛНИ НОМЕРА
Koha biblionumber 98394
Koha biblioitemnumber 98394
Наличности
Код за отписване Код за изгубен артикул Код за повреда Коз за рестрикции Код за отдаване Артикулен № Име на библиотеката - собственик Име на библиотеката, в която се намира в момента Статус (Текущо местоположение) Дата на вписване в системата Местоположение - отдел Цена в лева Инвентарен номер Систематично азбучна сигнатура Баркод Номер на екземпляра Цена в евро Служебна бележка Служебен тип на артикула Източник на класификационната схема
  Не е изгубен Не е повреден без рестрикции ползва се в читалня 158343 Регионална библиотека "Любен Каравелов" Русе Регионална библиотека "Любен Каравелов" Русе Хранилище 2004-02-23 Хранилище 7.99 120000683049 Цб 212654 120000683049 1 4.09 Дост: Dp Вид: Д N: 15 Дата: 26.03.2003 Книги  
Изтеглен Не е изгубен Не е повреден без рестрикции заемане за дома 158344 Регионална библиотека "Любен Каравелов" Русе Регионална библиотека "Любен Каравелов" Русе Заемна - подръчен фонд 2013-04-05 Заемна - подръчен фонд 7.99 120000765561 П 820(73)-31/Р 82 120000765561 2 4.09 Дост: DA Вид: А N: 4 Дата: 05.04.2013 Книги Universal Decimal Classification
  Не е изгубен Не е повреден без рестрикции заемане за дома 158345 Регионална библиотека "Любен Каравелов" Русе Регионална библиотека "Любен Каравелов" Русе Заемна - подръчен фонд 2013-04-05 Заемна - подръчен фонд 7.99 120000765562 П 820(73)-31/Р 82 120000765562 3 4.09 Дост: DA Вид: А N: 4 Дата: 05.04.2013 Дата инв: 07.03.2018 Бележки инв: П2018 Книги Universal Decimal Classification
Vip Innovations Ltd, Rousse, Bulgaria 2025